Visualizzazione normale
Vista MARC
- Córdoba (España : Diócesis)
di Corporate Name
Records bibliografici associati: 1
001 - CONTROL NUMBER
- control field: 31471
003 - CONTROL NUMBER IDENTIFIER
- control field: IT-RoINE
005 - DATE AND TIME OF LATEST TRANSACTION
- control field: 20170223121418.0
008 - FIXED-LENGTH DATA ELEMENTS
- fixed length control field: 170223|| aca||aabn | a|a d
040 ## - CATALOGING SOURCE
- Original cataloging agency: IT-RoINE
- Transcribing agency: IT-RoINE
110 ## - HEADING--CORPORATE NAME
- Corporate name or jurisdiction name as entry element: Córdoba (España : Diócesis)
- General subdivision: Historia
- Chronological subdivision: Siglos 12o.-15o.
670 ## - SOURCE DATA FOUND
- Source citation: Work cat.: (IT-RoINE)0: Sanz Sancho, Iluminado, 1946- 31470, Geografía del Obispado de Córdoba en la baja edad media /, 1995.